000 00923cab a2200205 4500
001 X1981
008 090401t1995 xxu||||| |||| 00| 0 eng d
035 _a(Sirsi) u20823
041 _aeng
245 _aStanhope Pension Trust Ltd and Custodian Holdings Ltd v Registrar of Companies and Bird
260 _c1995
350 _a0
490 _aProperty and Compensation Reports
_v(1995) 69 P&CR 238-246(9)
520 _aCA 17 December 1993. Underlease granted to company. Underleases assigned. Company dissolved. Assignee wound up and underleases disclaimed. Application by landlords to declare dissolution of original underlessee void Whether couurt should exercise discretion to make order under Companies Act 1985 s651. (Taken from Journal abstract)
650 _aCOMPANIES ACT 1985 S651
650 _aUNDERLEASES
690 _aLANDLORD AND TENANT-CASE LAW-BUSINESS TENANCIES
942 _n0
948 _c04/03/1997
999 _c13955
_d13955